Профсоюзы мира: справочное издание

Bibliografiske detaljer
Andre forfattere: Можаев В. Е. (редактор), Сергеев В. Е. (составитель), Симуков Д. А.
Sprog:russisk
Udgivet: Москва, Профиздат, 1989
Fag:
Format: MixedMaterials Bog
KOHA link:https://koha.lib.tpu.ru/cgi-bin/koha/opac-detail.pl?biblionumber=80300

MARC

LEADER 00000nam0a2200000 4500
001 80300
005 20231031094538.0
010 |a 5255002062 
035 |a (RuTPU)RU\TPU\book\86310 
090 |a 80300 
100 |a 20050902d1989 km y0rusy50 ca 
101 0 |a rus 
102 |a RU 
105 |a y g 000zy 
200 1 |a Профсоюзы мира  |e справочное издание  |f  под общ. ред. В. Е. Можаева, В. Е. Сергеева; сост. Д. А. Симуков 
210 |a Москва  |c Профиздат  |d 1989 
215 |a 656 с. 
610 1 |a профессиональные союзы 
610 1 |a международные организации 
610 1 |a профсоюзное движение 
610 1 |a справочники 
686 |a Ф72(0)я2  |v LBC/SL-A  |2 rubbk 
702 1 |a Можаев  |b В. Е.  |4 340 
702 1 |a Сергеев  |b В. Е.  |4 340 
702 1 |a Симуков  |b Д. А.  |4 220 
801 1 |a RU  |b 63413507  |c 20050902  |g PSBO 
801 2 |a RU  |b 63413507  |c 20101130  |g PSBO 
942 |c BK